000 00427nam a2200145Ia 4500
008 240729s9999 xx 000 0 und d
022 _a2689-5870
245 0 _aScholarly Assessment Reports
260 _aUnited Kingdom
260 _bLevy Library Press
650 _aBibliography. Library science. Information resources
856 _uhttps://doaj.org/toc/af3864c617b346578fbc410831f8abb5
942 _2ddc
942 _cDOAJEJ
999 _c72489
_d72489
945 _a1
_bMadushi Gamage
_c1
_dMadushi Gamage